LEADER 01228nam a2200241 i 4500 001 000000362307 003 CaOOAMICUS 005 20250325162011.0 008 250325s1940 it u000 u ita u 013 $a205445 040 $aSeMil$bita 100 1 $aCastellino, Giorgio Raffaele,$c.$0(OLS)http://semarc/name/78499 245 13$aLe lamentazioni individuali e gli inni in Babilonia e in Israele :$braffrontati riguardo alla forma e al contenuto /$cG. R. Castellino. 260 $aTorino ; Milano [etc.] :$bSocietà Editrice Internazionale,$c1940. 300 $a36 p. ;$c26 cm. 500 $aEstratto da: Salesianum, anno 1., n.1 650 4$aInni religiosi.$0(OLS)http://semarc/subject/5556 650 4$aLamenti - Medio Oriente - Antichità.$0(OLS)http://semarc/subject/41116 850 $aSeMil 852 $aSeMil$W1$xVenegono$y1$m5A VIII 5/26$j255460$B253227$CSeMilBibl$Z2$F253227 $86 996 $6245$aLe lamentazioni individuali e gli inni in Babilonia e in Israele :$braffrontati riguardo alla forma e al contenuto$9(OLS)http://semarc/title/453194 996 $6260$aTorino ; Milano [etc.] :$bSocietà Editrice Internazionale$9(OLS)http://semarc/publisher/33070 LEADER 02148nam a2200361 i 4500 001 000000168701 003 CaOOAMICUS 005 20241216112652.0 008 080123s2007 gw u000 u eng u 013 $a146103 020 $a978-3-11-019341-1 040 $aSeMil$bita 100 1 $aBekken, Per Jarle.$0(OLS)http://semarc/name/63319 245 14$aThe word is near you :$ba study of Deuteronomy 30:12-14 in Paul's Letter to the Romans in a Jewish context /$cPer Jarle Bekken. 260 $aBerlin ; New York :$bDe Gruyter,$c2007. 300 $axiii, 294 p. ;$c24 cm. 490 0 $aBeihefte zur Zeitschrift für die neutestamentliche Wissenschaft und die Kunde der älteren Kirche ;$v144 504 $aBibliography, p. [231]-263 650 4$aBibbia. Antico Testamento. Deuteronomio - Commentari, studi, critica, interpretazioni.$0(OLS)http://semarc/subject/2785 650 4$aFilone : di Alessandria - Critica e interpretazione.$0(OLS)http://semarc/subject/27862 650 4$aBibbia - NT - Lettere ai Romani 10,4-17.$0(OLS)http://semarc/subject/32185 650 4$aBibbia - NT - Lettere ai Romani 9,30-10,21.$0(OLS)http://semarc/subject/32186 650 4$aFilone : di Alessandria . De virtutibus, 183-184.$0(OLS)http://semarc/subject/32187 650 4$aFilone : di Alessandria . De praemiis et poenis, 79-84.$0(OLS)http://semarc/subject/32188 650 4$aBibbia - Virtù.$0(OLS)http://semarc/subject/32189 830 0$aBeihefte zur Zeitschrift für die neutestamentliche Wissenschaft und die Kunde der älteren Kirche ;$v144.$0(OLS)http://semarc/title/296 850 $aSeMil 852 $aSeMil$W1$xVenegono$y1$m2XA R 144$j253231$B119724$CSeMilBibl$Z2$F130766 $81 961 $aSottoscrizione: De Gruyter 996 $6020$a978-3-11-019341-1$9(OLS)http://semarc/number/155504 996 $6245$aThe word is near you :$ba study of Deuteronomy 30:12-14 in Paul's Letter to the Romans in a Jewish context$9(OLS)http://semarc/title/241336 996 $6260$aBerlin ; New York :$bDe Gruyter$9(OLS)http://semarc/publisher/29892